Statistics for Portuguese Pet Vocabulary

Click here to take the quiz!

General Stats

  • This quiz has been taken 70 times
  • The average score is 16 of 33

Answer Stats

HintAnswer% Correct
catgato
100%
dogcão
91%
horsecavalo
91%
frog
89%
birdpássaro
87%
ratrato
84%
rabbitcoelho
82%
turtletartaruga
73%
monkeymacaco
71%
canarycanário
69%
snakecobra
69%
scorpionescorpião
69%
tarantulatarântula
67%
iguanaiguana
64%
hamsterhamster
58%
salamandersalamandra
56%
lizardlagarto
49%
chameleoncamaleão
47%
parrotpapagaio
47%
toadsapo
44%
chinchillachinchila
42%
golfishpeixe dourado
40%
mousecamundongo
36%
rodentroedor
29%
parakeetperiquito
24%
ferretfurão
18%
hedgehogporco-espinho
18%
geckolagartixa
11%
guinea pigcobaia
7%
newttritão
7%
hermit crabermitão
2%
gerbilgerbo
2%
tortoisetartaruga terrestre
0%

Score Distribution

Percentile by Number Answered

Percent of People with Each Score

Your Score History

You have not taken this quiz